000 00770nam a2200253 a 4500
008
020 _a0471627615 (cased.)
049 _aMAIN
090 _aQD262
_bORG
245 0 0 _aOrganic synthesis at high pressures /
_cedited by Kiyoshi Matsumoto, R. Morrin Acheson.
260 _aNew York :
_bWiley,
_cc1991.
300 _ax, 456 p. :
_bill. ;
_c25 cm.
504 _aIncludes bibliographical references.
500 _aIncludes index.
650 0 _aOrganic compounds
_xSynthesis.
650 0 _aHigh pressure chemistry.
700 1 _aMatsumoto, Kiyoshi.
700 1 _aAcheson, R. M.
907 _a.b10119644
_b20-04-12
_c28-04-04
003
005 20230123133705.0
040 _cNUST
942 _cBOOKS
_kQD262
_mORG
999 _c152956
_d152956